| Поле | Инд. | ПП | Название | Значение |
|---|---|---|---|---|
| Тип записи | a | |||
| Библиографический уровень | m | |||
| 001 | Контрольный номер | 2365f0bc-4bde-4bb3-bf71-436c4e65ce99 | ||
| 005 | Дата корректировки | 20140226132726.9 | ||
| 008 | Кодируемые данные | 010531 d | ||
| 020 | a | ISBN | 5-7196-0965-2 | |
| c | Цена, тираж | 10000.00 | ||
| 080 | a | Индекс УДК | 02 | |
| 084 | a | Индекс другой классификации/Индекс ББК | Ч73я431 | |
| 090 | c | Каталожный индекс | Ч73я431 | |
| x | Авторский знак | Б59 | ||
| a | Полочн. индекс | Ч73я431 | ||
| 242 | _0 | a | Перевод заглавия | Libraries and Modern Society |
| 245 | 00 | a | Заглавие | Библиотеки и современное общество |
| b | Продолж. заглавия | Материалы междунар. науч. конф., посвящ. 200-летию основания Рос. нац. б-ки (Санкт-Петербург, 24 и 25 мая 1995 г.) | ||
| c | Ответственность | Рос. нац. б-ка; [Подгот.: В.Н. Зайцев, В.Р. Фирсова] | ||
| 260 | 0_ | a | Место издания | СПб. |
| b | Издательство | Изд-во Рос. нац. б-ки | ||
| c | Дата издания | 1996 | ||
| 300 | a | Объем | 221 с. | |
| 650 | a | Основная рубрика | Библиотеки | |
| 653 | a | Ключевые слова | Библиотеки | |
| a | Ключевые слова | Библиотечное дело | ||
| a | Ключевые слова | Сборники | ||
| 700 | 1_ | a | Другие авторы | Зайцев Владимир Николаевич |
| e | Роль лиц | подгот. | ||
| 700 | 1_ | a | Другие авторы | Фирсов В.Р. |
| e | Роль лиц | подгот. | ||
| 852 | t | Порядковый номер экземпляра | 1 | |
| p | Инвентарный номер | 676703 | ||
| 930 | a | Новая/Ретро | Сборники | |
| 954 | a | Дата поступления на обработку | 30.01.97 | |
| 999 | a | Подразделение 2 | ОМСО |